| 000 | 00565nam a2200193Ii 4500 | ||
|---|---|---|---|
| 003 | JO-AjNU | ||
| 008 | 230606s9999||||xx |||||||||||||| ||und|| | ||
| 040 |
_aJO-AjNU _beng _erda _cJO-AjNU |
||
| 041 | _aeng | ||
| 050 | 1 | 4 | _aLB2322.G84 2009 |
| 100 | 3 |
_aTEMPUS, _eauthor _95358 |
|
| 245 | 0 | 0 | _aTIES: Guide for The Management of IROs in MEDA Region |
| 264 | 3 | 1 | _aAlgeria: TEMPUS, 2009 |
| 300 | _a135p | ||
| 336 |
_atext _btxt _2rdacontent |
||
| 337 |
_aunmediated _bn _2rdamedia |
||
| 338 |
_avolume _bnc _2rdacarrier |
||
| 650 | 4 |
_aHigher Education - Education _95359 |
|
| 999 |
_aE2767 _c2765 _d2765 |
||